| 000 | 00579cam a22001931 4500 | ||
|---|---|---|---|
| 082 | _a669.3 | ||
| 110 | 2 |
_aCopper Development Association. _940948 |
|
| 245 | 1 | 0 | _aCopper and its alloys in engineering and technology. |
| 250 | _a[2d impression, rev.] | ||
| 260 |
_aLondon _c[1949] |
||
| 300 |
_a88 p. _billus. _c22 cm. |
||
| 490 | 1 | _aIts C. D. A. publication | |
| 526 |
_a0 _b0 _c0 _d669_300000000000000 |
||
| 526 |
_a0 _b0 _c0 _d669_300000000000000 |
||
| 526 |
_a0 _b0 _c0 _d669_300000000000000 |
||
| 650 | 0 |
_aCopper alloys. _945042 |
|
| 650 | 0 |
_aCopper. _940949 |
|
| 942 |
_2ddc _cBK |
||
| 999 |
_c548894 _d548894 |
||